[Event "Lotto Mistrzostwa Polski"]
[Site "Warsaw POL"]
[Date "2017.03.21"]
[Round "1.1"]
[White "Gajewski, Grzegorz"]
[Black "Socko, Bartosz"]
[Result "1/2-1/2"]
[WhiteElo "2615"]
[BlackElo "2590"]
[PlyCount "197"]
[EventDate "2017.??.??"]

1. Nf3 Nf6 2. c4 e6 3. Nc3 Bb4 4. d4 b6 5. Qc2 Bb7 6. a3 Bxc3+ 7. Qxc3 O-O 8.
Bg5 d6 9. Nd2 Nbd7 10. f3 h6 11. Bh4 Rc8 12. e3 c5 13. dxc5 Rxc5 14. b4 Rc8 15.
Be2 d5 16. Qb2 Qe7 17. O-O Rfd8 18. Rac1 Nf8 19. cxd5 exd5 20. Rxc8 Rxc8 21.
Bf2 Ng6 22. Rc1 Ne5 23. Rxc8+ Bxc8 24. Qc3 Bb7 25. Bg3 Nc6 26. Nb3 Nh5 27. Bf2
Nf6 28. Bh4 g5 29. Be1 Ne8 30. b5 Ne5 31. Nd4 Nc4 32. Bxc4 dxc4 33. e4 Ng7 34.
a4 Qc5 35. Bf2 Qc8 36. g4 Kh7 37. Nc2 h5 38. h3 hxg4 39. hxg4 Bxe4 40. fxe4
Qxg4+ 41. Kf1 Qxe4 42. Ne3 Qh1+ 43. Ke2 Qh5+ 44. Kd2 Qf3 45. Be1 Ne6 46. Qxc4
Nc5 47. Ng4 Kg7 48. Ne5 Qf5 49. Nd3 Nxd3 50. Qxd3 Qf4+ 51. Qe3 Qxa4 52. Qxg5+
Kf8 53. Qd8+ Kg7 54. Qg5+ Kf8 55. Qd8+ Kg7 56. Qd3 Qa2+ 57. Ke3 Qe6+ 58. Kf2 f6
59. Bd2 Kf7 60. Bf4 Qa2+ 61. Kf3 Qa1 62. Bg3 Ke6 63. Qc4+ Ke7 64. Qc7+ Ke6 65.
Qd6+ Kf7 66. Qd5+ Kg7 67. Kg4 Qf1 68. Bf4 Qb1 69. Bb8 Qc2 70. Bg3 Qe2+ 71. Kf4
Qf1+ 72. Ke3 Qc1+ 73. Ke2 Qc2+ 74. Kf3 Qc3+ 75. Kg4 Qc8+ 76. Qf5 Qc1 77. Qd7+
Kg6 78. Qd3+ Kf7 79. Bf4 Qh1 80. Kg3 Ke6 81. Qd6+ Kf7 82. Qd7+ Kg6 83. Kf2 Qb1
84. Bb8 Qc2+ 85. Ke3 Qc1+ 86. Ke2 Qb2+ 87. Kf3 Qc3+ 88. Ke4 Qe1+ 89. Kf3 Qf1+
90. Kg3 Qg1+ 91. Kh4 Qe1+ 92. Bg3 Qh1+ 93. Qh3 Qxh3+ 94. Kxh3 Kf5 95. Bb8 Ke4
96. Bxa7 Kd5 97. Bxb6 Kc4 98. Bd4 Kxb5 99. Bxf6 1/2-1/2

[Event "Lotto Mistrzostwa Polski"]
[Site "Warsaw POL"]
[Date "2017.03.21"]
[Round "1.2"]
[White "Jarmula, Lukasz"]
[Black "Krasenkow, Michal"]
[Result "0-1"]
[WhiteElo "2473"]
[BlackElo "2620"]
[PlyCount "78"]
[EventDate "2017.??.??"]

1. e4 c5 2. Nf3 Nc6 3. Bb5 e6 4. O-O Nge7 5. c3 a6 6. Ba4 b5 7. Bc2 Bb7 8. Qe2
d5 9. e5 Qb6 10. Rd1 d4 11. Be4 Rd8 12. d3 h6 13. cxd4 Nxd4 14. Nxd4 cxd4 15.
Nd2 Bd5 16. a4 Nc6 17. axb5 Qxb5 18. Nc4 Be7 19. Bxd5 Rxd5 20. Qg4 g6 21. Bd2
h5 22. Qf3 O-O 23. Bf4 a5 24. Rdc1 a4 25. h4 Kg7 26. g3 Rc5 27. Qe4 Nb4 28.
Qxd4 Rd5 29. Qe3 Bc5 30. Bh6+ Kh7 31. Bxf8 Bxe3 32. Nxe3 Rxd3 33. Rc7 Nc6 34.
Bd6 Kg7 35. Rc1 Nxe5 36. Bxe5+ Qxe5 37. Ng2 Qxb2 38. Nf4 Rd6 39. R7c2 Rd1+ 0-1

[Event "Lotto Mistrzostwa Polski"]
[Site "Warsaw POL"]
[Date "2017.03.21"]
[Round "1.3"]
[White "Piorun, Kacper"]
[Black "Bartel, Mateusz"]
[Result "1/2-1/2"]
[WhiteElo "2648"]
[BlackElo "2638"]
[PlyCount "68"]
[EventDate "2017.??.??"]

1. e4 e5 2. Nf3 Nc6 3. Bb5 a6 4. Ba4 Nf6 5. O-O Be7 6. d3 d6 7. c3 O-O 8. Re1
Nd7 9. Bc2 Bf6 10. Nbd2 g6 11. Nf1 Bg7 12. Ng3 Nf6 13. d4 Bg4 14. d5 Ne7 15. h3
Bd7 16. c4 c5 17. dxc6 Bxc6 18. Bg5 Qc7 19. Rc1 Rae8 20. b4 Nc8 21. Bb3 b6 22.
Qd2 Qb7 23. Qe3 Kh8 24. c5 Ng8 25. cxd6 Nxd6 26. Qd3 Nb5 27. a4 Nd4 28. Nxd4
exd4 29. b5 axb5 30. axb5 Bxb5 31. Qxb5 Re5 32. Bd5 Rxg5 33. h4 Re5 34. f4 Rxd5
1/2-1/2

[Event "Lotto Mistrzostwa Polski"]
[Site "Warsaw POL"]
[Date "2017.03.21"]
[Round "1.4"]
[White "Tomczak, Jacek"]
[Black "Sadzikowski, Daniel"]
[Result "1-0"]
[WhiteElo "2601"]
[BlackElo "2541"]
[PlyCount "115"]
[EventDate "2017.??.??"]

1. e4 e5 2. Nf3 Nc6 3. Bc4 Bc5 4. c3 Nf6 5. d4 exd4 6. e5 d5 7. Be2 Ne4 8. cxd4
Bb6 9. O-O O-O 10. Nc3 Bg4 11. Be3 f6 12. exf6 Nxc3 13. f7+ Rxf7 14. bxc3 Rf8
15. h3 Bh5 16. g4 Bg6 17. Bb5 Qd6 18. Bxc6 Qxc6 19. Rc1 Qc4 20. a4 Be8 21. Ne5
Qxa4 22. Qd2 Bg6 23. h4 Rae8 24. f3 Rxe5 25. dxe5 Qf4 26. Rce1 h5 27. Kg2 Bxe3
28. Qxe3 Qxe3 29. Rxe3 Kf7 30. e6+ Ke7 31. gxh5 Bxh5 32. Re5 Bg6 33. Rg5 Kf6
34. Rxd5 Kxe6 35. Rc5 Rf7 36. Re1+ Kf6 37. Re8 Bf5 38. Kg3 Be6 39. f4 Rd7 40.
Rf8+ Ke7 41. Ra8 a6 42. Kf2 Bd5 43. c4 Bf7 44. Ke3 Kd6 45. Kd4 g6 46. Re5 b6
47. Rxa6 c5+ 48. Kc3 Kc6 49. Re4 Rd1 50. Ra7 Rd7 51. Re7 Rxa7 52. Rxa7 Be6 53.
Rg7 Bf5 54. Rf7 Bb1 55. Kd2 Kd6 56. Ke3 Bc2 57. Rf6+ Kc7 58. f5 1-0

[Event "Lotto Mistrzostwa Polski"]
[Site "Warsaw POL"]
[Date "2017.03.21"]
[Round "1.5"]
[White "Mista, Aleksander"]
[Black "Heberla, Bartlomiej"]
[Result "1-0"]
[WhiteElo "2617"]
[BlackElo "2577"]
[PlyCount "117"]
[EventDate "2017.??.??"]

1. e4 e6 2. d4 d5 3. Nd2 dxe4 4. Nxe4 Nd7 5. Nf3 Ngf6 6. Bd3 Nxe4 7. Bxe4 Be7
8. O-O O-O 9. c3 c5 10. Qe2 Qc7 11. Rd1 Nf6 12. Bg5 Nxe4 13. Qxe4 Re8 14. Bxe7
Qxe7 15. dxc5 Qxc5 16. Ne5 f6 17. Nc4 e5 18. Nd6 Re7 19. Rd5 Qc6 20. Nxc8 Rxc8
21. Rad1 Rd7 22. h4 Rcc7 23. Kh2 Rxd5 24. Rxd5 Rd7 25. c4 g6 26. Qd3 Rxd5 27.
cxd5 Qd6 28. Qb5 Qe7 29. Qa5 Qd6 30. Qxa7 Qxd5 31. a4 Qe4 32. g3 Qb4 33. Qb8+
Kg7 34. Qc7+ Kg8 35. Qc2 Kf7 36. Kg2 Kg7 37. Qc7+ Kg8 38. a5 Qb5 39. Qc3 Kf7
40. b4 Ke6 41. Qc8+ Kd5 42. Qg8+ Kd6 43. Qf8+ Ke6 44. Kg1 Qd7 45. Qg8+ Kd6 46.
Qc4 Qc6 47. Qf7 Qf3 48. Qf8+ Kd7 49. b5 Qd1+ 50. Kh2 Qf3 51. Qc5 f5 52. a6 bxa6
53. bxa6 f4 54. a7 fxg3+ 55. fxg3 Qe2+ 56. Kg1 Qe1+ 57. Kg2 Qd2+ 58. Kh3 Qa2
59. Qb5+ 1-0

[Event "Lotto Mistrzostwa Polski"]
[Site "Warsaw POL"]
[Date "2017.03.22"]
[Round "2.1"]
[White "Socko, Bartosz"]
[Black "Heberla, Bartlomiej"]
[Result "0-1"]
[WhiteElo "2590"]
[BlackElo "2577"]
[PlyCount "98"]
[EventDate "2017.??.??"]

1. d4 d5 2. c4 e6 3. Nc3 Nf6 4. cxd5 exd5 5. Bg5 c6 6. e3 Nbd7 7. Bd3 Be7 8.
Qc2 Nh5 9. Bxe7 Qxe7 10. O-O-O Nb6 11. h3 g6 12. Nf3 Ng7 13. g4 Bd7 14. a4 a5
15. Ne5 Ne6 16. f4 O-O-O 17. g5 Kb8 18. Qb3 Ka7 19. Na2 Ra8 20. Kb1 Rhc8 21.
Rc1 Be8 22. Be2 c5 23. Nc3 Qd8 24. Bg4 cxd4 25. Nb5+ Bxb5 26. Qxb5 Nc4 27. Nxf7
Qe8 28. exd4 Nxd4 29. Qxe8 Rxe8 30. Rhd1 Re4 31. Ne5 Nb3 32. Rc3 Nbd2+ 33. Kc2
Nxe5 34. Rxd2 Nc6 35. Kb3 d4 36. Rf3 Rf8 37. Rdf2 Kb6 38. Bd7 Re3+ 39. Rxe3
dxe3 40. Rf1 e2 41. Re1 Nd4+ 42. Kc3 Rxf4 43. Bg4 Rf1 44. Kd2 Kc5 45. h4 Kb4
46. h5 Kxa4 47. h6 Kb3 48. Bxe2 Rxe1 49. Kxe1 Nxe2 0-1

[Event "Lotto Mistrzostwa Polski"]
[Site "Warsaw POL"]
[Date "2017.03.22"]
[Round "2.2"]
[White "Sadzikowski, Daniel"]
[Black "Mista, Aleksander"]
[Result "1-0"]
[WhiteElo "2541"]
[BlackElo "2617"]
[PlyCount "91"]
[EventDate "2017.??.??"]

1. e4 c5 2. Nf3 d6 3. d4 cxd4 4. Nxd4 Nf6 5. Nc3 a6 6. Be3 e6 7. a4 Nc6 8. Be2
Be7 9. O-O O-O 10. f4 Qc7 11. Kh1 Re8 12. Bf3 Bf8 13. Qd2 Na5 14. b3 Nd7 15.
Rad1 Rb8 16. Qe1 b6 17. Bc1 Bb7 18. Bb2 Nc6 19. Be2 Nxd4 20. Rxd4 g6 21. Qd2
Rbd8 22. Bc4 Nb8 23. f5 Bg7 24. f6 Bf8 25. Rd3 Nc6 26. Rh3 Ne5 27. Be2 d5 28.
Ba3 Rd6 29. Qf4 d4 30. Qxe5 dxc3 31. Rxc3 Qb8 32. Bxd6 Bxd6 33. Qg5 Bf8 34. e5
Rd8 35. Bf3 Bxf3 36. Rcxf3 Rd5 37. Re1 Qc7 38. Rd3 Rxd3 39. cxd3 Qc3 40. Rb1
Qxd3 41. Qc1 h5 42. Qd1 Qf5 43. Rc1 Qxe5 44. Qd8 Qe3 45. Qxf8+ Kxf8 46. Rc8#
1-0

[Event "Lotto Mistrzostwa Polski"]
[Site "Warsaw POL"]
[Date "2017.03.22"]
[Round "2.3"]
[White "Bartel, Mateusz"]
[Black "Tomczak, Jacek"]
[Result "1/2-1/2"]
[WhiteElo "2638"]
[BlackElo "2601"]
[PlyCount "77"]
[EventDate "2017.??.??"]

1. e4 e6 2. d4 d5 3. Nc3 Nf6 4. e5 Nfd7 5. f4 c5 6. Nf3 Be7 7. Be3 b6 8. h4 Nc6
9. h5 O-O 10. h6 g6 11. Qd2 cxd4 12. Nxd4 Nxd4 13. Bxd4 Nb8 14. O-O-O Ba6 15.
Kb1 Bxf1 16. Rhxf1 Nc6 17. Ne2 Rc8 18. g4 b5 19. f5 Bg5 20. Be3 Bxe3 21. Qxe3
Qc7 22. fxe6 fxe6 23. Rxf8+ Rxf8 24. Nf4 Qf7 25. Nd3 Qf3 26. Qg1 d4 27. Re1 Qd5
28. a3 a5 29. Qh2 b4 30. a4 b3 31. cxb3 Qxb3 32. Qc2 Qd5 33. Rc1 Nxe5 34. Qc7
Nf7 35. Nc5 Nxh6 36. Qe7 Rf7 37. Qe8+ Rf8 38. Qe7 Rf7 39. Qe8+ 1/2-1/2

[Event "Lotto Mistrzostwa Polski"]
[Site "Warsaw POL"]
[Date "2017.03.22"]
[Round "2.4"]
[White "Krasenkow, Michal"]
[Black "Piorun, Kacper"]
[Result "0-1"]
[WhiteElo "2620"]
[BlackElo "2648"]
[PlyCount "82"]
[EventDate "2017.??.??"]

1. d4 Nf6 2. c4 e6 3. Nf3 d5 4. Nc3 Bb4 5. Qa4+ Nc6 6. e3 O-O 7. Bd2 dxc4 8.
Bxc4 Bd6 9. Rd1 a6 10. Bc1 Qe7 11. Be2 Bd7 12. Qc2 e5 13. a3 h6 14. d5 Na7 15.
Nd2 c6 16. Nc4 cxd5 17. Nb6 Rad8 18. Nbxd5 Nxd5 19. Nxd5 Qe6 20. O-O Rc8 21.
Qb3 Bc6 22. e4 Nb5 23. Bxb5 Bxb5 24. Rfe1 Rc4 25. Qg3 Bc6 26. b3 Rd4 27. Rxd4
exd4 28. Nf4 Qe5 29. Qh3 Re8 30. b4 Bb5 31. Bd2 d3 32. Nd5 Bd7 33. Qh4 Qb2 34.
Bc3 d2 35. Rf1 Qc1 36. Qh5 Ba4 37. Bxg7 d1=Q 38. Rxd1 Bxd1 39. Qxh6 Qxh6 40.
Bxh6 Be5 41. f3 f5 0-1

[Event "Lotto Mistrzostwa Polski"]
[Site "Warsaw POL"]
[Date "2017.03.23"]
[Round "3.1"]
[White "Jarmula, Lukasz"]
[Black "Socko, Bartosz"]
[Result "0-1"]
[WhiteElo "2473"]
[BlackElo "2590"]
[PlyCount "106"]
[EventDate "2017.??.??"]

1. Nf3 Nf6 2. c4 e6 3. Nc3 Bb4 4. g4 h6 5. Rg1 b6 6. Qc2 Bb7 7. a3 Bxf3 8. axb4
Bb7 9. h4 Nc6 10. g5 hxg5 11. hxg5 Ng8 12. b5 Nd4 13. Qd1 Qe7 14. d3 Qd6 15. e4
Ne7 16. Be3 Nef5 17. Kd2 Nxe3 18. fxe3 Rh2+ 19. Rg2 Rxg2+ 20. Bxg2 Qg3 21. Bh1
Qxg5 22. Qg1 Nb3+ 23. Ke2 Qxg1 24. Rxg1 Kf8 25. d4 c5 26. Kd3 cxd4 27. exd4 d6
28. e5 Bxh1 29. Rxh1 Rd8 30. exd6 Rxd6 31. d5 f5 32. Rh8+ Kf7 33. Ra8 Rd7 34.
Kc2 Nd4+ 35. Kd3 Nb3 36. Kc2 Nd4+ 37. Kd3 Nf3 38. Ke3 Ne5 39. Kd4 Kf6 40. Re8
Nf3+ 41. Ke3 Ng5 42. b4 Kf7 43. Rc8 exd5 44. Nxd5 Ne6 45. Nf4 Rc7 46. Rxc7+
Nxc7 47. Ne2 Ne6 48. Nc3 Ke7 49. Nd5+ Kd6 50. Kf3 g5 51. Kf2 Nd4 52. Ke3 Nxb5
53. Nf6 Nc7 0-1

[Event "Lotto Mistrzostwa Polski"]
[Site "Warsaw POL"]
[Date "2017.03.23"]
[Round "3.2"]
[White "Piorun, Kacper"]
[Black "Gajewski, Grzegorz"]
[Result "1-0"]
[WhiteElo "2648"]
[BlackElo "2615"]
[PlyCount "105"]
[EventDate "2017.??.??"]

1. e4 e5 2. Nf3 Nc6 3. d4 exd4 4. Nxd4 Nf6 5. Nxc6 bxc6 6. e5 Qe7 7. Qe2 Nd5 8.
c4 Ba6 9. Nd2 g6 10. Nf3 Bg7 11. Bg5 f6 12. exf6 Qxe2+ 13. Bxe2 Nxf6 14. O-O-O
O-O-O 15. Rhe1 Rde8 16. Nd2 d6 17. Nb3 h6 18. Bd2 Rxe2 19. Rxe2 Bxc4 20. Re7
Bf8 21. Re3 Nd5 22. Re8+ Kd7 23. Rde1 Bg7 24. Rxh8 Bxh8 25. Re4 Bd3 26. Ra4 c5
27. Rxa7 c4 28. Na1 Bd4 29. Ra5 c5 30. Nc2 Bxf2 31. Bxh6 Bg1 32. h4 Bf2 33. Bg5
Nc7 34. Kd2 Be4 35. Ra4 d5 36. Ne3 Bg3 37. Ra3 Be5 38. Nxc4 Bd4 39. Ra7 dxc4
40. Bf4 Kc6 41. Rxc7+ Kb5 42. Re7 Bxg2 43. Be5 Bf2 44. Bf6 Bf3 45. Kc3 Bd1 46.
Re8 Bg3 47. Kd2 Bh5 48. Ke3 Bg4 49. Ke4 Bd7 50. Rg8 Bf5+ 51. Kd5 Bb1 52. Ra8
Bc2 53. Rc8 1-0

[Event "Lotto Mistrzostwa Polski"]
[Site "Warsaw POL"]
[Date "2017.03.23"]
[Round "3.3"]
[White "Tomczak, Jacek"]
[Black "Krasenkow, Michal"]
[Result "1/2-1/2"]
[WhiteElo "2601"]
[BlackElo "2620"]
[PlyCount "65"]
[EventDate "2017.??.??"]

1. e4 e5 2. Nf3 Nc6 3. Bb5 a6 4. Ba4 Nf6 5. O-O Nxe4 6. d4 b5 7. Bb3 d5 8. dxe5
Be6 9. Qe2 Be7 10. Rd1 O-O 11. c4 bxc4 12. Bxc4 Bc5 13. Be3 Bxe3 14. Qxe3 Qb8
15. Bb3 Na5 16. Nbd2 Qa7 17. Rac1 Qxe3 18. fxe3 c5 19. Nxe4 Nxb3 20. axb3 dxe4
21. Nd2 Rfd8 22. Nxe4 Rxd1+ 23. Rxd1 Bxb3 24. Rd6 c4 25. Rc6 a5 26. Nd6 a4 27.
Nxc4 Bxc4 28. Rxc4 Kf8 29. Kf2 Ke7 30. Kf3 Ke6 31. Ke4 Rb8 32. Rxa4 Rxb2 33.
Ra6+ 1/2-1/2

[Event "Lotto Mistrzostwa Polski"]
[Site "Warsaw POL"]
[Date "2017.03.23"]
[Round "3.5"]
[White "Heberla, Bartlomiej"]
[Black "Sadzikowski, Daniel"]
[Result "1/2-1/2"]
[WhiteElo "2577"]
[BlackElo "2541"]
[PlyCount "103"]
[EventDate "2017.??.??"]

1. Nf3 c5 2. c4 Nc6 3. Nc3 e5 4. e3 Nf6 5. b3 g6 6. Bb2 Bg7 7. a3 O-O 8. Qc2
Re8 9. d3 d5 10. cxd5 Nxd5 11. Be2 Nxc3 12. Bxc3 Bf5 13. O-O Rc8 14. Qb2 b5 15.
b4 cxb4 16. axb4 a5 17. e4 axb4 18. Bxb4 Nxb4 19. Qxb4 Bd7 20. Bd1 Qe7 21. Qb2
Rc7 22. Bb3 Rec8 23. Rfc1 Be8 24. h4 Bf6 25. g3 Kg7 26. Bd5 h6 27. Kg2 Rxc1 28.
Rxc1 Rxc1 29. Qxc1 Bd7 30. Qa1 Be6 31. Qa8 Bg4 32. Ne1 Bd7 33. Nf3 Bg4 34. Qb8
Bxf3+ 35. Kxf3 b4 36. Bc4 h5 37. Qb5 Qd6 38. Qe8 Qe7 39. Qc6 Qd8 40. Qb7 Qe7
41. Qd5 Kf8 42. Kg2 Kg7 43. Kf1 Kg8 44. d4 exd4 45. f4 Bg7 46. e5 Bf8 47. Qe4
Kg7 48. f5 gxf5 49. Qxf5 Kg8 50. e6 fxe6 51. Qg6+ Bg7 52. Qxe6+ 1/2-1/2

[Event "Lotto Mistrzostwa Polski"]
[Site "Warsaw POL"]
[Date "2017.03.29"]
[Round "4.1"]
[White "Socko, Bartosz"]
[Black "Sadzikowski, Daniel"]
[Result "1/2-1/2"]
[WhiteElo "2590"]
[BlackElo "2541"]
[PlyCount "95"]
[EventDate "2017.??.??"]

1. e4 c5 2. Nf3 d6 3. d4 cxd4 4. Nxd4 Nf6 5. Nc3 a6 6. Be3 Ng4 7. Bc1 Nf6 8.
Be3 Ng4 9. Bg5 h6 10. Bh4 g5 11. Bg3 Bg7 12. Be2 h5 13. Bxg4 hxg4 14. O-O Nc6
15. Nf5 Bxc3 16. bxc3 Qa5 17. Qxg4 f6 18. Qf3 Bxf5 19. exf5 Kf7 20. Rfd1 Rac8
21. c4 Rc7 22. Qb3 Rd7 23. Rd5 Qb4 24. c3 Qxb3 25. axb3 Nb8 26. f3 Rc7 27. Bf2
Nd7 28. Bd4 Rc6 29. g4 Ne5 30. Kg2 Nd3 31. Be3 Ne5 32. Rad1 b6 33. Kg3 Nd7 34.
Ra1 b5 35. c5 Nxc5 36. Bxc5 dxc5 37. Rd7 Ra8 38. Re1 Re8 39. f4 a5 40. Rb7 c4
41. fxg5 fxg5 42. Rxb5 cxb3 43. Rxb3 a4 44. Rb7 Rxc3+ 45. Kg2 Rc2+ 46. Kg3 Rc3+
47. Kg2 Rc2+ 48. Kg3 1/2-1/2

[Event "Lotto Mistrzostwa Polski"]
[Site "Warsaw POL"]
[Date "2017.03.29"]
[Round "4.2"]
[White "Bartel, Mateusz"]
[Black "Heberla, Bartlomiej"]
[Result "0-1"]
[WhiteElo "2638"]
[BlackElo "2577"]
[PlyCount "72"]
[EventDate "2017.??.??"]

1. e4 c5 2. Nf3 e6 3. d4 cxd4 4. Nxd4 Nf6 5. Nc3 Nc6 6. Nb3 Bb4 7. Bd3 d5 8.
exd5 Nxd5 9. Bd2 Nxc3 10. bxc3 Be7 11. O-O O-O 12. Qe2 Qc7 13. Rae1 b6 14. Nd4
Bb7 15. Qg4 Bf6 16. Bf4 Qd8 17. Nb5 e5 18. Bh6 Ne7 19. f4 e4 20. Bxe4 Bxe4 21.
Rxe4 Qd5 22. f5 Qxb5 23. Rxe7 Kh8 24. Bg5 Bxe7 25. Bxe7 Rfc8 26. f6 g6 27. Qf4
g5 28. Qd2 Rc6 29. a3 Re6 30. Qd3 Qe5 31. c4 g4 32. Rd1 Rg8 33. Bb4 g3 34. hxg3
Rxg3 35. Qd8+ Re8 36. Qd4 Qe2 0-1

[Event "Lotto Mistrzostwa Polski"]
[Site "Warsaw POL"]
[Date "2017.03.29"]
[Round "4.4"]
[White "Gajewski, Grzegorz"]
[Black "Tomczak, Jacek"]
[Result "1-0"]
[WhiteElo "2615"]
[BlackElo "2601"]
[PlyCount "101"]
[EventDate "2017.??.??"]

1. d4 Nf6 2. Nf3 g6 3. g3 Bg7 4. Bg2 d5 5. O-O O-O 6. Nbd2 c5 7. dxc5 Qc7 8.
Nb3 e5 9. e4 Bg4 10. h3 Bxf3 11. Qxf3 Nxe4 12. Rd1 Rd8 13. c4 Na6 14. cxd5
Naxc5 15. Nxc5 Nxc5 16. Bg5 Rd7 17. Be7 Qb6 18. d6 Bf8 19. Rac1 Bxe7 20. dxe7
Rxe7 21. Qe3 Na6 22. Qxb6 axb6 23. Rd6 b5 24. Rb6 e4 25. Rxb5 Rd8 26. a3 Nb8
27. Rc4 f5 28. g4 Rf7 29. gxf5 gxf5 30. Rcc5 Rdf8 31. Kf1 Nd7 32. Rd5 b6 33. h4
Nc5 34. Rxb6 Nd3 35. Rxd3 exd3 36. Bd5 Rd8 37. Bxf7+ Kxf7 38. Ke1 Re8+ 39. Kd2
Re2+ 40. Kxd3 Rxf2 41. a4 Rf4 42. a5 Rxh4 43. b4 Rh3+ 44. Ke2 Ra3 45. a6 h5 46.
b5 h4 47. Rh6 h3 48. a7 Ra2+ 49. Kf1 Ra1+ 50. Kf2 Kg7 51. Ra6 1-0

[Event "Lotto Mistrzostwa Polski"]
[Site "Warsaw POL"]
[Date "2017.03.29"]
[Round "4.5"]
[White "Jarmula, Lukasz"]
[Black "Piorun, Kacper"]
[Result "0-1"]
[WhiteElo "2473"]
[BlackElo "2648"]
[PlyCount "56"]
[EventDate "2017.??.??"]

1. d4 Nf6 2. c4 e6 3. Nf3 d5 4. Nc3 Bb4 5. Bg5 dxc4 6. e4 b5 7. a4 c5 8. dxc5
Qxd1+ 9. Rxd1 a6 10. axb5 axb5 11. Nd4 Bd7 12. f3 Ra2 13. Rd2 Rxb2 14. Rxb2
Bxc3+ 15. Rd2 e5 16. Ne2 Bxd2+ 17. Kxd2 Na6 18. Nc3 Nxc5 19. Bxf6 gxf6 20. Nd5
Bc6 21. Nxf6+ Ke7 22. Ng4 f6 23. Kc3 Ra8 24. Be2 Ra2 25. Bd1 Kd6 26. Nxf6 Nd3
27. Bc2 Kc5 28. Bxd3 b4# 0-1

[Event "Lotto Mistrzostwa Polski"]
[Site "Warsaw POL"]
[Date "2017.03.25"]
[Round "5.1"]
[White "Piorun, Kacper"]
[Black "Socko, Bartosz"]
[Result "1/2-1/2"]
[WhiteElo "2648"]
[BlackElo "2590"]
[PlyCount "74"]
[EventDate "2017.??.??"]

1. e4 c5 2. Nf3 d6 3. d4 cxd4 4. Nxd4 Nf6 5. Nc3 Nc6 6. Bg5 e6 7. Qd2 Be7 8.
O-O-O O-O 9. f4 Nxd4 10. Qxd4 Qa5 11. Bc4 h6 12. Bh4 Qh5 13. Bg3 Rd8 14. Be2
Qa5 15. e5 dxe5 16. Qxe5 Qxe5 17. Rxd8+ Bxd8 18. fxe5 Nd5 19. Ne4 Bd7 20. Bf3
Bc6 21. Nd6 Be7 22. c4 Ne3 23. Nxb7 Bxf3 24. gxf3 Nxc4 25. b3 Ne3 26. Kd2 Nd5
27. Nd6 Rd8 28. Kd3 f6 29. Rc1 Nb4+ 30. Ke2 Nxa2 31. Rc7 Bf8 32. Nc8 a5 33.
exf6 gxf6 34. Bh4 Bg7 35. Be1 Nb4 36. Ne7+ Kh8 37. Nc6 Nxc6 1/2-1/2

[Event "Lotto Mistrzostwa Polski"]
[Site "Warsaw POL"]
[Date "2017.03.25"]
[Round "5.2"]
[White "Tomczak, Jacek"]
[Black "Jarmula, Lukasz"]
[Result "1-0"]
[WhiteElo "2601"]
[BlackElo "2473"]
[PlyCount "83"]
[EventDate "2017.??.??"]

1. e4 e5 2. Nf3 Nf6 3. d4 Nxe4 4. dxe5 d5 5. Nbd2 Nc5 6. Nb3 Ne6 7. Nfd4 Nxd4
8. Qxd4 a6 9. Be3 Nc6 10. Qf4 Qe7 11. O-O-O Qxe5 12. Qf3 Bd6 13. Rxd5 Qe7 14.
Bg5 f6 15. Bf4 Ne5 16. Bxe5 fxe5 17. Rd1 e4 18. Qh5+ g6 19. Qd5 Bf5 20. Qxb7
O-O 21. Kb1 e3 22. fxe3 Qxe3 23. Bd3 Bxd3 24. Rxd3 Qe2 25. Qd5+ Kh8 26. Rd2 Qe7
27. Qd4+ Kg8 28. Qd5+ Kh8 29. Qd4+ Kg8 30. Qc4+ Kh8 31. Re2 Qf6 32. a4 Be5 33.
c3 Qd6 34. g3 Bg7 35. Rhe1 Rab8 36. Ka2 Qb6 37. Re6 Qf2 38. R1e2 Qf1 39. Re7
Bf6 40. Rxc7 a5 41. Rd2 Qxc4 42. Rxc4 1-0

[Event "Lotto Mistrzostwa Polski"]
[Site "Warsaw POL"]
[Date "2017.03.25"]
[Round "5.3"]
[White "Mista, Aleksander"]
[Black "Gajewski, Grzegorz"]
[Result "1/2-1/2"]
[WhiteElo "2617"]
[BlackElo "2615"]
[PlyCount "62"]
[EventDate "2017.??.??"]

1. e4 e5 2. Nf3 Nc6 3. Bb5 Nf6 4. d4 exd4 5. e5 Ne4 6. O-O a6 7. Bxc6 dxc6 8.
Re1 Nc5 9. Nxd4 Ne6 10. Nxe6 Bxe6 11. Qf3 Qd4 12. Nc3 Qg4 13. Qxg4 Bxg4 14. Ne4
O-O-O 15. h3 Bf5 16. Bg5 Rd4 17. Rad1 Rxd1 18. Rxd1 Bb4 19. c3 Bxe4 20. cxb4 h6
21. Bh4 g5 22. Bg3 Rd8 23. Rxd8+ Kxd8 24. f4 Kd7 25. fxg5 hxg5 26. Be1 Ke6 27.
Bc3 Kf5 28. Kf2 Bd5 29. a3 Kg6 30. g3 Be6 31. h4 Kh5 1/2-1/2

[Event "Lotto Mistrzostwa Polski"]
[Site "Warsaw POL"]
[Date "2017.03.25"]
[Round "5.4"]
[White "Heberla, Bartlomiej"]
[Black "Krasenkow, Michal"]
[Result "0-1"]
[WhiteElo "2577"]
[BlackElo "2620"]
[PlyCount "82"]
[EventDate "2017.??.??"]

1. e4 c5 2. Nf3 Nc6 3. d4 cxd4 4. Nxd4 Nf6 5. Nc3 e5 6. Ndb5 d6 7. Bg5 a6 8.
Na3 b5 9. Nd5 Be7 10. Bxf6 Bxf6 11. c4 b4 12. Nc2 O-O 13. g3 Bg5 14. Bg2 a5 15.
O-O Be6 16. h4 Bh6 17. b3 Qb8 18. Qd3 Ra7 19. Rfd1 Rc8 20. Qe2 Bxd5 21. Rxd5 a4
22. Rad1 axb3 23. axb3 Ra2 24. Qd3 g6 25. Bh3 Rd8 26. c5 Bf8 27. Ne3 Nd4 28.
Rxd4 exd4 29. Qxd4 Bg7 30. Qd3 Qc7 31. cxd6 Qc3 32. Nc4 Rda8 33. d7 Bf6 34. e5
Bd8 35. Qd5 Qxb3 36. e6 Qxd1+ 37. Qxd1 Ra1 38. Qxa1 Rxa1+ 39. Kh2 b3 40. exf7+
Kxf7 41. Ne5+ Kf6 0-1

[Event "Lotto Mistrzostwa Polski"]
[Site "Warsaw POL"]
[Date "2017.03.25"]
[Round "5.5"]
[White "Sadzikowski, Daniel"]
[Black "Bartel, Mateusz"]
[Result "0-1"]
[WhiteElo "2541"]
[BlackElo "2638"]
[PlyCount "74"]
[EventDate "2017.??.??"]

1. e4 c6 2. Nf3 d5 3. Nc3 Nf6 4. e5 Ne4 5. Ne2 Qb6 6. d4 e6 7. Nfg1 f6 8. f3
Ng5 9. exf6 gxf6 10. f4 Ne4 11. Ng3 f5 12. a4 Nd7 13. a5 Qc7 14. Nxe4 dxe4 15.
Qh5+ Kd8 16. Qf7 Be7 17. Qxe6 Nf6 18. Qb3 Nd5 19. g3 Be6 20. c4 Nf6 21. Ne2 Ke8
22. d5 cxd5 23. Nd4 Bd7 24. Be3 Qd6 25. Nc2 Rc8 26. h3 Rg8 27. Rg1 Qc7 28. Qc3
dxc4 29. Rd1 Ba4 30. Be2 Bxc2 31. Qxc2 Qxa5+ 32. Kf1 Nd5 33. Bd4 Bf6 34. Bh5+
Ke7 35. Bxf6+ Nxf6 36. Qe2 Rgd8 37. Kg2 Rd3 0-1

[Event "Lotto Mistrzostwa Polski"]
[Site "Warsaw POL"]
[Date "2017.03.26"]
[Round "6.1"]
[White "Socko, Bartosz"]
[Black "Bartel, Mateusz"]
[Result "1/2-1/2"]
[WhiteElo "2590"]
[BlackElo "2638"]
[PlyCount "87"]
[EventDate "2017.??.??"]

1. e4 e5 2. Nf3 Nc6 3. Bb5 Nf6 4. O-O Nxe4 5. d4 Nd6 6. Bxc6 dxc6 7. dxe5 Nf5
8. Qxd8+ Kxd8 9. Nc3 Bd7 10. b3 Kc8 11. Bb2 Be7 12. Rad1 a5 13. h3 h5 14. a4
Be6 15. Ne2 c5 16. Nf4 Ra6 17. Nxe6 Rxe6 18. Rfe1 g5 19. Re4 Rg8 20. g4 Ng7 21.
Bc1 f5 22. Rc4 hxg4 23. hxg4 f4 24. Ba3 b6 25. c3 Rh8 26. Kg2 Reh6 27. Re4 Ne6
28. Ree1 Rd8 29. c4 Rd7 30. Bb2 Kd8 31. Rd5 c6 32. Rxd7+ Kxd7 33. Rd1+ Ke8 34.
Nd2 Rh4 35. f3 Nd4 36. Bxd4 cxd4 37. Ne4 c5 38. Nf2 Kf7 39. Nd3 Ke6 40. Re1 Rh8
41. Re2 Bd8 42. Nf2 Be7 43. Nd3 Bd8 44. Nf2 1/2-1/2

[Event "Lotto Mistrzostwa Polski"]
[Site "Warsaw POL"]
[Date "2017.03.26"]
[Round "6.2"]
[White "Krasenkow, Michal"]
[Black "Sadzikowski, Daniel"]
[Result "1-0"]
[WhiteElo "2620"]
[BlackElo "2541"]
[PlyCount "107"]
[EventDate "2017.??.??"]

1. Nf3 c5 2. c4 Nc6 3. d4 cxd4 4. Nxd4 Nf6 5. Nc3 e6 6. a3 Bc5 7. e3 O-O 8. b4
Bxd4 9. exd4 d5 10. b5 Na5 11. cxd5 Nxd5 12. Ne4 f5 13. Ng5 e5 14. dxe5 h6 15.
Nf3 Be6 16. Bd2 Rc8 17. Nd4 Re8 18. Be2 Nc4 19. O-O Nxd2 20. Qxd2 Nc3 21. Bh5
Bf7 22. Bxf7+ Kxf7 23. Rfe1 Rc4 24. Nf3 Qxd2 25. Nxd2 Rc5 26. Nf3 Rxb5 27. Rac1
Rc5 28. Kf1 b6 29. Nd4 g6 30. Rc2 Ne4 31. Rxc5 bxc5 32. Nc6 Ke6 33. Rd1 Rc8 34.
Nxa7 Ra8 35. Nb5 Ra5 36. a4 Kxe5 37. f3 Nf6 38. Nc3 Ra8 39. Ke2 c4 40. Rb1 Kd4
41. Kd2 Nd7 42. Rb5 Nc5 43. Ne2+ Kd5 44. a5 Kd6 45. Kc3 Nb3 46. Kb4 Ke7 47. Nf4
Kf7 48. Nd5 Kg8 49. Ne3 Nd4 50. Rb6 Rc8 51. Nxc4 Nc2+ 52. Kb3 Nd4+ 53. Kc3 Ne2+
54. Kb4 1-0